| 000 | 00484nam a2200181Ia 4500 | ||
|---|---|---|---|
| 005 | 20250326123512.0 | ||
| 008 | 250326s9999 xx 000 0 und d | ||
| 037 | _aTextbook | ||
| 040 |
_aFMSL _beng _cFMSL |
||
| 041 |
_aeng _2eng |
||
| 084 |
_aX:8 P2 _qFMSL |
||
| 100 |
_aGogula R _9735321 |
||
| 245 | 0 |
_aKnowledge management: new drawn _cGogula R |
|
| 260 |
_aNew Delhi _bNew Delhi, ICFAI _c2002 |
||
| 300 | _a192p | ||
| 942 |
_cTB _hX:8 P2 |
||
| 999 |
_c1269647 _d1269647 |
||